<?xml version="1.0" encoding="UTF-8"?><?xml-stylesheet type="text/xsl" href="static/style.xsl"?><OAI-PMH xmlns="http://www.openarchives.org/OAI/2.0/" xmlns:xsi="http://www.w3.org/2001/XMLSchema-instance" xsi:schemaLocation="http://www.openarchives.org/OAI/2.0/ http://www.openarchives.org/OAI/2.0/OAI-PMH.xsd"><responseDate>2026-04-13T00:36:16Z</responseDate><request verb="GetRecord" identifier="oai:www.recercat.cat:11351/12342" metadataPrefix="marc">https://recercat.cat/oai/request</request><GetRecord><record><header><identifier>oai:recercat.cat:11351/12342</identifier><datestamp>2025-10-24T10:45:00Z</datestamp><setSpec>com_2072_378070</setSpec><setSpec>com_2072_378040</setSpec><setSpec>col_2072_378092</setSpec></header><metadata><record xmlns="http://www.loc.gov/MARC21/slim" xmlns:dcterms="http://purl.org/dc/terms/" xmlns:xsi="http://www.w3.org/2001/XMLSchema-instance" xmlns:doc="http://www.lyncode.com/xoai" xsi:schemaLocation="http://www.loc.gov/MARC21/slim http://www.loc.gov/standards/marcxml/schema/MARC21slim.xsd">
   <leader>00925njm 22002777a 4500</leader>
   <datafield ind2=" " ind1=" " tag="042">
      <subfield code="a">dc</subfield>
   </datafield>
   <datafield ind2=" " ind1=" " tag="720">
      <subfield code="a">esteban, rafael</subfield>
      <subfield code="e">author</subfield>
   </datafield>
   <datafield ind2=" " ind1=" " tag="720">
      <subfield code="a">Cantero Hernández, Helena</subfield>
      <subfield code="e">author</subfield>
   </datafield>
   <datafield ind2=" " ind1=" " tag="720">
      <subfield code="a">Casado, Miguel Angel</subfield>
      <subfield code="e">author</subfield>
   </datafield>
   <datafield ind2=" " ind1=" " tag="720">
      <subfield code="a">Domínguez-Hernández, Raquel</subfield>
      <subfield code="e">author</subfield>
   </datafield>
   <datafield ind2=" " ind1=" " tag="260">
      <subfield code="c">2024-12-18T06:55:14Z</subfield>
   </datafield>
   <datafield ind2=" " ind1=" " tag="260">
      <subfield code="c">2024-12-18T06:55:14Z</subfield>
   </datafield>
   <datafield ind2=" " ind1=" " tag="260">
      <subfield code="c">2024-12</subfield>
   </datafield>
   <datafield ind2=" " ind1=" " tag="520">
      <subfield code="a">Direct-acting antivirals; Health economics; Hepatitis C</subfield>
   </datafield>
   <datafield ind2=" " ind1=" " tag="520">
      <subfield code="a">Antivirales de acción directa; Economía de la salud; Hepatitis C</subfield>
   </datafield>
   <datafield ind2=" " ind1=" " tag="520">
      <subfield code="a">Antivirals d'acció directa; Economia de la salut; Hepatitis C</subfield>
   </datafield>
   <datafield ind2=" " ind1=" " tag="520">
      <subfield code="a">Objective&#xd;
Direct-acting antivirals for the treatment of hepatitis C virus (HCV) represented a paradigm shift. In 2017, sofosbuvir/velpatasvir (SOF/VEL-Epclusa®) was approved, which showed a high cure rate in all patient, contributing to HCV elimination. The analysis aimed to quantify the clinical and economic value of SOF/VEL in HCV chronic patients since its approval in Spain.&#xd;
Methods&#xd;
An economic evaluation was elaborated adapting a Markov model that simulated the lifetime disease progression in of all HCV chronic patients treated with SOF/VEL (30,488 patients) since its launch (5-years), compared to previous therapies. Patients entered the model and were distributed between the fibrosis states (F0-to-F4) in treated and untreated. All patients (100%) were treated with SOF/VEL regardless of their fibrosis, and 49% with previous therapies in ≥F2. The average sustained viral response (SVR) rates 98.9% SOF/VEL versus 61.0% previous therapies. All parameters for the analysis were obtained from real-life data and literature. Only direct healthcare costs associated with disease management were included. The SOF/VEL value was measured as the number of hepatic complications avoided and their associated cost, and hepatic mortality compared to previous therapies. National Health System perspective and a 3% discount rate was applied.&#xd;
Results&#xd;
SOF/VEL decreased the number of liver complications, avoiding 92% decompensated cirrhosis, 80% hepatocellular carcinomas, and 87% liver transplants, as well as 85% liver-related mortality. Their cost associated was reduced, amounting to savings of 197 M€.&#xd;
Conclusion&#xd;
SOF/VEL adds relevant value to the HCV treatment, reducing the clinical and economic disease burden and contributing to HCV elimination in Spain.</subfield>
   </datafield>
   <datafield ind2=" " ind1=" " tag="520">
      <subfield code="a">Objetivo&#xd;
Los antivirales de acción directa para el tratamiento del virus de la hepatitis C (VHC) representaron un cambio de paradigma. En 2017 se aprobó sofosbuvir/velpatasvir (SOF/VEL-Epclusa®), con elevadas tasas de curación en todos los pacientes, contribuyendo a la eliminación VHC. El objetivo fue evaluar el valor clínico y económico de SOF/VEL en pacientes crónicos desde su aprobación en España.&#xd;
Métodos&#xd;
Se adaptó un modelo de Markov que simulaba la progresión de la enfermedad durante toda la vida de pacientes crónicos tratados con SOF/VEL (30.488 pacientes) desde su lanzamiento (5 años), versus terapias previas. Los pacientes entraron al modelo distribuidos entre los estados de fibrosis (F0-F4) en tratados y no tratados. Todos los pacientes fueron tratados con SOF/VEL independientemente de su fibrosis, y el 49% con terapias previas (≥ F2). La respuesta viral sostenida promedio: 98,9% SOF/VEL versus 61,0% terapias previas. Los parámetros para el análisis se obtuvieron de datos reales y literatura. Solo se incluyeron costes sanitarios directos asociados al manejo de la enfermedad. El valor SOF/VEL se midió como el número de complicaciones hepáticas evitadas y su coste, y la mortalidad hepática versus terapias previas. Se aplicó la perspectiva del Sistema Nacional de Salud y una tasa de descuento (3%).&#xd;
Resultados&#xd;
SOF/VEL disminuyó las complicaciones hepáticas, evitando el 92% cirrosis descompensadas, el 80% hepatocarcinomas y el 87% trasplantes hepáticos, así como el 85% la mortalidad hepática; generando ahorros de 197 millones de euros.&#xd;
Conclusiones&#xd;
SOF/VEL añade un valor relevante al tratamiento del VHC, reduciendo la carga clínica y económica de la enfermedad y contribuyendo a la eliminación VHC en España.</subfield>
   </datafield>
   <datafield ind2=" " ind1=" " tag="520">
      <subfield code="a">The study was funded by Gilead Sciences Spain.</subfield>
   </datafield>
   <datafield ind1="8" ind2=" " tag="024">
      <subfield code="a">http://hdl.handle.net/11351/12342</subfield>
   </datafield>
   <datafield tag="653" ind2=" " ind1=" ">
      <subfield code="a">Hepatitis C - Tractament</subfield>
   </datafield>
   <datafield tag="653" ind2=" " ind1=" ">
      <subfield code="a">Medicaments antivírics - Aspectes econòmics</subfield>
   </datafield>
   <datafield tag="653" ind2=" " ind1=" ">
      <subfield code="a">Hepatitis C - Prognosi</subfield>
   </datafield>
   <datafield tag="653" ind2=" " ind1=" ">
      <subfield code="a">CHEMICALS AND DRUGS::Chemical Actions and Uses::Pharmacologic Actions::Therapeutic Uses::Anti-Infective Agents::Antiviral Agents</subfield>
   </datafield>
   <datafield tag="653" ind2=" " ind1=" ">
      <subfield code="a">Other subheadings::Other subheadings::Other subheadings::/economics</subfield>
   </datafield>
   <datafield tag="653" ind2=" " ind1=" ">
      <subfield code="a">DISEASES::Pathological Conditions, Signs and Symptoms::Pathologic Processes::Disease Attributes::Disease Progression</subfield>
   </datafield>
   <datafield tag="653" ind2=" " ind1=" ">
      <subfield code="a">DISEASES::Virus Diseases::Hepatitis, Viral, Human::Hepatitis C::Hepatitis C, Chronic</subfield>
   </datafield>
   <datafield tag="653" ind2=" " ind1=" ">
      <subfield code="a">Other subheadings::Other subheadings::Other subheadings::/drug therapy</subfield>
   </datafield>
   <datafield tag="653" ind2=" " ind1=" ">
      <subfield code="a">COMPUESTOS QUÍMICOS Y DROGAS::acciones y usos químicos::acciones farmacológicas::usos terapéuticos::antiinfecciosos::antivíricos</subfield>
   </datafield>
   <datafield tag="653" ind2=" " ind1=" ">
      <subfield code="a">Otros calificadores::Otros calificadores::Otros calificadores::/economía</subfield>
   </datafield>
   <datafield tag="653" ind2=" " ind1=" ">
      <subfield code="a">ENFERMEDADES::afecciones patológicas, signos y síntomas::procesos patológicos::atributos de la enfermedad::progresión de la enfermedad</subfield>
   </datafield>
   <datafield tag="653" ind2=" " ind1=" ">
      <subfield code="a">ENFERMEDADES::virosis::hepatitis viral humana::hepatitis C::hepatitis C crónica</subfield>
   </datafield>
   <datafield tag="653" ind2=" " ind1=" ">
      <subfield code="a">Otros calificadores::Otros calificadores::Otros calificadores::/farmacoterapia</subfield>
   </datafield>
   <datafield ind2="0" ind1="0" tag="245">
      <subfield code="a">Evaluation of the clinical and economic value of sofosbuvir/velpatasvir (SOF/VEL) in patients with chronic hepatitis C in Spain during the last 5 years</subfield>
   </datafield>
   <datafield ind2="0" ind1="0" tag="245">
      <subfield code="a">Evaluación del valor clínico y económico de sofosbuvir/velpatasvir (SOF/VEL) en pacientes con hepatitis C crónica en España durante los últimos 5 años</subfield>
   </datafield>
</record></metadata></record></GetRecord></OAI-PMH>